Catálogo público

Calidad de planta Pseudotsuga menziesii producida a raíz desnuda / (Record no. 218692)

MARC details
000 -CABECERA
campo de control de longitud fija 02305nam a2200277 a 4500
003 - IDENTIFICADOR DEL NÚMERO DE CONTROL
campo de control OSt
005 - FECHA Y HORA DE LA ÚLTIMA TRANSACCIÓN
campo de control 20260209141632.0
007 - CAMPO FIJO DE DESCRIPCIÓN FÍSICA--INFORMACIÓN GENERAL
campo de control de longitud fija cr ||||||a|c|a
008 - DATOS DE LONGITUD FIJA--INFORMACIÓN GENERAL
campo de control de longitud fija 230508s2020 mx ad||fom||| 001 0 spa d
040 ## - FUENTE DE LA CATALOGACIÓN
Normas de descripción rda
100 1# - ENTRADA PRINCIPAL--NOMBRE DE PERSONA
9 (RLIN) 186914
Nombre de persona Mejia Espinoza, Eric Gustavo
245 10 - MENCIÓN DE TÍTULO
Título Calidad de planta Pseudotsuga menziesii producida a raíz desnuda /
Mención de responsabilidad, etc. por Eric Gustavo Mejía Espinoza; director de tesis Dante Arturo Rodríguez Trejo.
264 #1 - PRODUCCIÓN, PUBLICACIÓN, DISTRIBUCIÓN, FABRICACIÓN Y COPYRIGHT
Producción, publicación, distribución, fabricación y copyright Chapingo, México :
Nombre del de productor, editor, distribuidor, fabricante El autor,
Fecha de producción, publicación, distribución, fabricación o copyright 2020.
300 ## - DESCRIPCIÓN FÍSICA
Extensión 1 recurso en línea (59 páginas):
Otras características físicas ilustraciones, gráficas
336 ## - TIPO DE CONTENIDO
Fuente rdacontent
Término de tipo de contenido texto
Código de tipo de contenido txt
337 ## - TIPO DE MEDIO
Fuente rdamedia
Nombre/término del tipo de medio computadora
Código del tipo de medio c
338 ## - TIPO DE SOPORTE
Fuente rdacarrier
Nombre/término del tipo de soporte recurso en línea
Código del tipo de soporte cr
502 ## - NOTA DE TESIS
Tipo de título Ingeniería Forestal
Nombre de la institución que otorga el título División de Ciencias Forestales,
Año de obtención del título 2020.
Información miscelánea Licenciatura
504 ## - NOTA DE BIBLIOGRAFÍA, ETC.
Nota de bibliografía, etc. Incluye referencias bibliográficas: páginas 48-56
520 ## - SUMARIO, ETC.
Sumario, etc. Para determinar la calidad de planta producida a raíz desnuda de Pseudotsuga menziesii (Mirb.) Franco en el vivero del Bosque de los Árboles de Navidad, en Amecameca, Estado de México, se realizaron evaluaciones morfológicas y fisiológica (concentración foliar de N, P, K, Ca y Fe) a 40 individuos de 7 meses, los cuales obtuvieron alturas suficientes para ser llevados a plantación. Se encontraron deficiencias en el crecimiento en diámetro, así como un porcentaje considerable de muestras con deformación en la raíz, “cola de cochino”. En la concentración foliar de Nitrógeno se observó un ligero exceso, mientras que, en Ca y Fe, se encontraron deficiencias respecto a lo recomendado para coníferas; a lo que se le atribuye la falta de rigidez en el tallo. También se muestra una desproporción en la cantidad de biomasa aérea producida con respecto a la biomasa subterránea, debido al poco desarrollo de la raíz a comparación del vasto crecimiento en la parte aérea. La planta producida en este vivero en general cuenta con una calidad aceptable, sin embargo, no es la óptima para asegurar su establecimiento exitoso en campo.
650 #4 - PUNTO DE ACCESO ADICIONAL DE MATERIA--TÉRMINO DE MATERIA
9 (RLIN) 186959
Término de materia o nombre geográfico como elemento de entrada Árboles de navidad
Subdivisión general Calidad
650 #4 - PUNTO DE ACCESO ADICIONAL DE MATERIA--TÉRMINO DE MATERIA
9 (RLIN) 185861
Término de materia o nombre geográfico como elemento de entrada Pseudotsuga menziesii
Subdivisión general Producción
700 1# - PUNTO DE ACCESO ADICIONAL--NOMBRE DE PERSONA
9 (RLIN) 98938
Nombre de persona Rodríguez Trejo, Dante Arturo
Término indicativo de función/relación Director de tesis.
856 ## - LOCALIZACIÓN Y ACCESO ELECTRÓNICOS
Identificador Uniforme del Recurso http://10.13.5.2/tesis/tl/Mejia_Espinoza_Eric_Gustavo.pdf
Nota pública DESCARGAR PDF
942 ## - ELEMENTOS DE PUNTO DE ACCESO ADICIONAL (KOHA)
Fuente del sistema de clasificación o colocación Clasificación Universidad Autónoma Chapingo
Tipo de ítem Koha Tesis digital
Holdings
Estado de retiro Estado de pérdida Fuente del sistema de clasificación o colocación Estado dañado Restricciones de uso No para préstamo Código de colección Localización permanente Ubicación/localización actual Ubicación en estantería Fecha de adquisición Total de préstamos Signatura topográfica completa Fecha visto por última vez Precio válido a partir de Tipo de ítem Koha
    Clasificación Universidad Autónoma de Chapingo   Préstamo interno   Tesis digitales de Licenciatura Biblioteca Digital Biblioteca Digital En línea 08/05/2023   Tesis digital 08/05/2023 08/05/2023 Tesis digital